| 000 | 00460nam a2200157 i 4500 | ||
|---|---|---|---|
| 001 | 142284 | ||
| 003 | ES-MaACL | ||
| 005 | 20230906200502.0 | ||
| 007 | t| | ||
| 008 | 071004s1925 xxu ||||1| eng d | ||
| 100 | 1 |
_aWinfield, Percy H. _9117075 |
|
| 245 | 1 | 4 |
_aThe chief sources of English legal history / _cby Percy H. Winfield. |
| 260 |
_aCambridge : _bHarvard University Press, _c1925. |
||
| 300 |
_aXVIII, 374 p. ; _c22 cm. |
||
| 852 |
_aES-MaACL _jA-1388 |
||
| 999 |
_c142284 _d142284 |
||